000 01690cam a2200409 a 4500
001 economicsofsocia00shar
003 CaSfIA
005 20210118003712.0
007 cr||||
008 930503s1994 ilua b 001 0 eng
010 _a 93008382
040 _aDLC
_cDLC
_dBAKER
_dBTCTA
_dYDXCP
_dOCLCG
_dCaSfIA
020 _a025613751X (recycled paper)
020 _a9780256137514 (recycled paper)
035 _a(OCoLC)28147153
050 0 0 _aHB171.5
_b.S5498 1994
082 0 0 _a330
_220
100 1 _aSharp, Ansel Miree,
_d1924-
245 1 0 _aEconomics of social issues /
_h[electronic resource]
_cAnsel M. Sharp, Charles A. Register, Richard H. Leftwich.
250 _a11th ed.
260 _aBurr Ridge, Ill. :
_bIrwin,
_cc1994.
300 _axii, 434 p. :
_bcol. ill. ;
_c24 cm.
440 4 _aThe Irwin series in economics
504 _aIncludes bibliographical references and index.
650 0 _aEconomics.
650 0 _aSocial problems.
700 1 _aRegister, Charles A.
700 1 _aLeftwich, Richard H.
856 4 1 _uhttp://www.archive.org/details/economicsofsocia00shar
_zFree eBook from the Internet Archive
856 4 2 _uhttp://www.openlibrary.org/books/OL1400601M
_zAdditional information and access via Open Library
029 1 _aNLGGC
_b199761604
029 1 _aNZ1
_b4695587
029 1 _aAU@
_b000010110449
942 _cEB
506 _fНеобхідна авторизація на https://archive.org/ (створення облікового запису безкоштовно)
506 _fНеобхідна авторизація на https://openlibrary.org/ (створення облікового запису безкоштовно)
999 _c491429
_d491429